Největší hity. [1]

Hlavní autor: Šlitr, Jiří, 1924-1969
Korporativní autor: Orchestr Ferdinanda Havlíka
Další autoři: Suchý, Jiří, 1931 říjen 1.-, Kahovcová, Vlasta, 1944-, Krautgartner, Karel, 1922-1982, Sbor Lubomíra Pánka, Taneční orchestr Československého rozhlasu Praha
Jazyk: Čeština
Vydáno: Praha: Supraphon, p2005
Témata:
Fyzický popis: 1 zvuková deska (77:42) : digital, stereo ; 12 cm + 1 leták (12 x 24 cm)
Zvukové nahrávky
Uloženo v:
LEADER 02376njm a2200457 a 4500
001 000793613
003 CZ BrMZK
005 20091104143436.0
007 sd fsngnnmmned
008 051018s2005 xr pp g cze d
015 |a cnb001629551 
028 0 0 |a SU 5671-2  |b Supraphon 
040 |a BOA001  |b cze 
048 |a od  |b vu 
080 |a 784.4  |2 MRF 
080 |a (086.76)  |2 MRF 
100 1 |a Šlitr, Jiří,  |d 1924-1969  |7 jk01130482  |4 sng  |4 cmp  |4 lyr 
245 1 0 |a Největší hity.  |n [1]  |h [zvukový záznam] 
260 |a Praha:  |b Supraphon,  |c p2005 
300 |a 1 zvuková deska (77:42) :  |b digital, stereo ;  |c 12 cm +  |e 1 leták (12 x 24 cm) 
306 |a 011742 
500 |a Kompaktní deska (AAD) 
500 |a Kompilace 
500 |a Původní fonogramy p1960-1988 různá vydavatelství 
505 0 0 |t Pramínek vlasů --  |t Tu krásu nelze popsat slovy --  |t Koupil jsem si knot --  |t Margareta --  |t V kašně --  |t Krajina posedlá tmou --  |t Blues o světle --  |t Labutí píseň --  |t Babeta --  |t Golem --  |t Nevyplacený blues --  |t Tři tety --  |t Co jsem měl dnes k obědu --  |t Neotálej --  |t Modré džínsy --  |t Bledá slečna --  |t Kubistický portrét --  |t Whisky dopita --  |t Člověk, to zní hrdě --  |t Kamarádi --  |t Mississippi --  |t Jó, to jsem jestě žil --  |t Motýl --  |t Modrý tričko 
508 |a Výběr písní, poznámka a ilustrace Jiří Suchý 
511 0 |a Jiří Šlitr, zpěv; Jiří Suchý, zpěv; Vlasta Kahovcová, zpěv ... [et al.]. Ferdinand Havlík se svým orchestrem; Sbor Lubomíra Pánka; TOČR, dirigent Karel Krautgartner ... [et al.] 
650 0 7 |a populární písně  |7 ph124354  |y 1951-1960  |2 czenas 
650 0 7 |a populární písně  |7 ph124354  |y 1961-1970  |2 czenas 
650 0 7 |a populární písně  |7 ph124354  |y 1971-1980  |2 czenas 
655 7 |a kompaktní desky  |7 fd201991  |2 czenas 
700 1 |a Suchý, Jiří,  |d 1931 říjen 1.-  |7 jk01121734  |4 sng  |4 cmp  |4 lyr 
700 1 |a Kahovcová, Vlasta,  |d 1944-  |7 jx20050217004  |4 sng 
700 1 |a Krautgartner, Karel,  |d 1922-1982  |7 jk01063097  |4 cnd 
710 2 |a Orchestr Ferdinanda Havlíka  |7 mzk2003205873 
710 2 |a Sbor Lubomíra Pánka  |7 ko2001100004 
710 2 |a Taneční orchestr Československého rozhlasu Praha  |7 ko2002102437 
910 |a BOA001  |b CD-0012.728,1 
990 |a AV 
991 |b 200511 
996 6 |b 261H013976  |c CD-0012.728,1  |l MZK  |r Sklad / do 24 hodin  |n 0  |w 000793613  |u 000010  |a 1  |e BOA001  |j MZK50  |s P